000 00691nam a2200229 u 4500
005 20240831063812.0
008 161129s2005 es r 000 0 spa d
020 _a8434838214
035 _aUPN01000214999
049 _aI
050 4 _aPZ76.3
_bT3.4
100 1 _aTaboada, Almudena,
_d1962-
_936096
245 1 3 _aEl grillo Benito /
_cAlmudena Taboada ; il. de Adriana Ribó.
260 _aMadrid :
_bSM,
_c2005.
300 _a29 p. :
_bil. col.
440 0 _aCuentos para sentir ;
_v2.
_pTodos somos diferentes
650 4 _aCuentos infantiles españoles
_97725
650 0 _aAnimales
_vCuentos y leyendas
_9234
650 2 _aSordera
_925484
905 _aInfantil
999 _c187099
_d187099